000 02485nac a22003251u 4500
008 100221r20062009enk|||||r|||| 001 0 eng d
010 _a
020 _a9780273715948
082 0 0 _a659.2
_bEXP
_222
100 _a20080729
_911585
245 0 0 _aExploring Public Relations /
_c[Edited by] Ralph Tench and Liz Yeomans.
250 _a2nd ed.
260 _aHarlow, England ;
_aNew York :
_bFT Prentice Hall, 2009
_c2009
300 _a666 p. :
_bill. ;
_c26 cm.
504 _aIncludes bibliographical references and index.
650 0 _aPublic relations.
_911586
700 1 _aTench, Ralph
_911584
700 1 _aYeomans, Liz.
_911587
942 _cNB
_k659.2 PUB
_2ddc
999 _c13437
_d13437